000 00681cab a2200229 4500
001 ABS55107
008 090401t1996 xxu||||| |||| 00| 0 eng d
035 _a(Sirsi) u14257
041 _aeng
100 _aHuxtable, J
245 _aStudying the form
260 _c1996
350 _a0
490 _aBuilding
_vBuilding Procurement Supplement May 1996, 8-9(2)
520 _aReviews M&E contractor Matthew Hall`s form of subcontract and highlights potentially hazardous contract terms.
650 _aMATTHEW HALL
650 _aONEROUS CONTRACT TERMS
650 _aSUBCONTRACTS
690 _aBUILT ENVIRONMENT-BUILDING CONTRACT FORMS
942 _n0
948 _c04/03/1997
999 _c9266
_d9266